000
00179 a2200085 4500
041
_a
spa
100
_a
Arias, Ligia Elena
245
_a
Diccionario de dudas de la lengua
942
_c
BK
999
_c
30093
_d
30091